[Event "Dortmund op-A"]
[Site "Dortmund"]
[Date "1993.??.??"]
[Round "7"]
[White "Chernosvitov, Alexander"]
[Black "Assmann, Thomas"]
[Result "0-1"]
[WhiteElo "2390"]
[BlackElo "2320"]

1.d4 Nf6 2.c4 e6 3.Nf3 b6 4.Nc3 Bb7 5.a3 d5 6.Bg5 Be7 7.Qa4+ c6 8.Bxf6 Bxf6
9.cxd5 exd5 10.g3 O-O 11.Rd1 Qe7 12.Bg2 Rd8 13.O-O Na6 14.Rfe1 c5 15.Qb3 g6
16.e3 Rab8 17.Qa4 Ra8 18.Qb3 Rab8 19.Qa4 Ra8 20.Rd2 Nc7 21.dxc5 Bxc3 22.bxc3 Qxc5
23.Rb2 Bc6 24.Qb4 Na6 25.Qxc5 Nxc5 26.Ne5 Bb7 27.Rd2 f6 28.Nd3 Ne4 29.Rc2 Rac8
30.Rec1 Rc7 31.Bxe4 dxe4 32.Nb2 Kf7 33.Kf1 Ke6 34.Ke1 Rc5 35.Rd2 Rxd2 36.Kxd2 Rd5+
37.Ke2 Rb5 38.Rc2 Ra5 39.a4 Bc6 40.c4 Bxa4 41.Nxa4 Rxa4 42.c5 b5 43.c6 Rc4
44.Ra2 Rxc6 45.Rxa7 Rc2+ 46.Kf1 Kd5 47.Rxh7 b4 48.Rb7 Kc4 49.Rc7+ Kd3 50.Rb7 Rc4
51.Rb6 f5 52.Rxg6 b3 53.Rb6 Kc2  0-1

[Event "Elenite op"]
[Site "Elenite"]
[Date "1993.??.??"]
[Round "9"]
[White "Chatalbashev, Boris"]
[Black "Tonkov, Bojan"]
[Result "1-0"]
[WhiteElo "2355"]
[BlackElo "2335"]

1.d4 Nf6 2.Nf3 b6 3.c4 e6 4.Nc3 Bb7 5.Bg5 h6 6.Bh4 Be7 7.e3 O-O 8.Be2 Ne4
9.Bxe7 Qxe7 10.Nxe4 Bxe4 11.O-O d6 12.Nd2 Bb7 13.Bf3 c5 14.Bxb7 Qxb7 15.Nf3 Nd7
16.dxc5 dxc5 17.Qd6 Rad8 18.Rfd1 Qb8 19.Rd2 Ne5 20.Qxb8 Nxf3+ 21.gxf3 Rxb8
22.Rad1 Rb7 23.b3 Kh7 24.f4 Kg6 25.Kg2 Re8 26.Rd7 Re7 27.Rd8 Kf5 28.Kf3 a6
29.R8d6 Kf6 30.e4 Re8 31.Rd7 Re7 32.Rd8 Rec7 33.Rg8 g6 34.Rh8 Rd7 35.Rxd7 Rxd7
36.Ke2 Kg7 37.Rb8 Rd6 38.h4 h5 39.Ke3 a5 40.e5 Rc6 41.Kd3 Kh7 42.Kc3 Kg7
43.a3 g5 44.fxg5 Kg6 45.Rh8 Rc7 46.Rh6+ Kf5 47.Rxh5 Kxe5 48.Rh7 Kf5 49.Rg7 Rd7
50.g6 Kf6 51.Rxf7+ Rxf7 52.gxf7 Kxf7 53.Kd3 Kg6 54.Ke4 Kh5 55.Ke5 b5 56.cxb5  1-0

[Event "FIN-chT"]
[Site "FIN"]
[Date "1993.??.??"]
[Round "?"]
[White "Karner, Hillar"]
[Black "Luik, Helmuth"]
[Result "1/2-1/2"]
[WhiteElo "2325"]
[BlackElo "2295"]

1.d4 Nf6 2.c4 e6 3.Nf3 b6 4.Nc3 Bb7 5.a3 Be7 6.d5 O-O 7.e4 exd5 8.cxd5 Re8
9.Be2 Bd6 10.Bg5 h6 11.Bxf6 Qxf6 12.O-O Na6 13.Qc2 c6 14.Rad1 Nc7 15.Bc4 b5
16.Ba2 Rac8 17.dxc6 Bxc6 18.Rfe1 Bf4 19.Qd3 a5 20.g3 b4 21.axb4 axb4 22.Nd5 Bxd5
23.Bxd5 Nxd5 24.Qxd5 Bxg3 25.e5 Bxh2+ 26.Nxh2 Qg6+ 27.Qg2 Qc2 28.f4 Qb3 29.Rd2 Rc4
30.f5 Rf4 31.f6 Rxf6 32.exf6 Rxe1+ 33.Nf1 g5 34.Rf2 Qe6 35.Qa8+ Kh7 36.Qf3 Kg6
37.Kg2 Qe4 38.Qxe4+ Rxe4 39.Ng3 Rd4 40.Kf3 h5 41.Ke3 Rg4 42.Nf5 h4 43.Ne7+ Kh5  1/2-1/2

[Event "Arnold Cup"]
[Site "Gausdal"]
[Date "1993.??.??"]
[Round "4"]
[White "Elsness, Frode"]
[Black "Skembris, Spyridon"]
[Result "1/2-1/2"]
[WhiteElo "2260"]
[BlackElo "2560"]

1.d4 Nf6 2.c4 e6 3.Nf3 b6 4.Nc3 Bb4 5.Bg5 Bb7 6.e3 O-O 7.Rc1 d6 8.Bd3 Nbd7
9.O-O Bxc3 10.Rxc3 Qe8 11.Nd2 e5 12.d5 h6 13.Bh4 c6 14.e4 g5 15.Bg3 Qe7 16.Re1 Ne8
17.dxc6 Bxc6 18.Nf1 Ng7 19.Ne3 Nc5 20.Nd5 Bxd5 21.cxd5 a5 22.Qe2 f5 23.exf5 Qf6
24.f3 Rae8 25.Bf2 Nxf5 26.Bxf5 Qxf5 27.Bxc5 bxc5 28.Rc4  1/2-1/2

[Event "Gausdal Int"]
[Site "Gausdal"]
[Date "1993.??.??"]
[Round "5"]
[White "Hillarp Persson, Tiger"]
[Black "Csom, Istvan"]
[Result "1/2-1/2"]
[WhiteElo "2300"]
[BlackElo "2475"]

1.d4 Nf6 2.c4 e6 3.Nf3 b6 4.Nc3 Bb4 5.Bg5 Bb7 6.e3 h6 7.Bh4 g5 8.Bg3 Ne4
9.Nd2 Nxg3 10.hxg3 Bf8 11.g4 Qe7 12.Nf3 Bg7 13.Rc1 Nc6 14.Qa4 O-O 15.a3 f5
16.gxf5 exf5 17.Nd5 Qd8 18.Be2 Ne7 19.Nc3 Ng6 20.Kd2 Qe7 21.Qc2 Be4 22.Bd3 g4
23.Ne1 Rae8 24.Kd1 c6 25.Bxe4 fxe4 26.g3 Rf5 27.Ng2 Rf3 28.Ne1 Rf5 29.Rh2 d5
30.cxd5 cxd5 31.Nb5 Ref8 32.Qe2 h5 33.Rc7 Qf6 34.Rd7  1/2-1/2

[Event "BL2-N9293"]
[Site "Germany"]
[Date "1993.??.??"]
[Round "?"]
[White "Von Herman, Ulf"]
[Black "Feick, Stefan"]
[Result "1/2-1/2"]
[WhiteElo "2270"]
[BlackElo "2265"]

1.d4 Nf6 2.c4 e6 3.Nf3 b6 4.Nc3 Bb4 5.Bd2 O-O 6.g3 Ba6 7.b3 d5 8.cxd5 exd5
9.Bg2 Re8 10.Ne5 c5 11.a3 cxd4 12.axb4 Rxe5 13.b5 Bb7 14.Bf4 Re8 15.Qxd4 Ne4
16.Nxe4 dxe4 17.Qxd8 Rxd8 18.Bxb8 Rdxb8 19.O-O Rc8 20.Rfd1 a6 21.Rd6 axb5
22.Rxa8 Bxa8 23.Rxb6 Kf8 24.Rxb5 Rc1+ 25.Bf1 Ke7 26.e3 Bc6 27.Rb4 Bd5 28.Kg2 Rb1
29.Bc4 Bxc4 30.Rxc4 Rxb3 31.Rxe4+ Kf6 32.g4 Rb5 33.Rf4+ Ke6 34.Kg3 h5 35.h4 hxg4
36.Rxg4 g6 37.Ra4 Kf6 38.e4 Rb3+ 39.Kg4 Rb5 40.f3 Kg7 41.Ra7 Rc5 42.Rd7 Ra5
43.Rd5 Ra1 44.h5 gxh5+ 45.Rxh5 Ra3 46.Rb5 Rc3 47.Rb7 Re3 48.Kf4 Ra3 49.e5 Kg6
50.Rb6+ Kg7 51.Kg4 Re3 52.f4 Re1 53.Kg5 Rg1+ 54.Kf5 Ra1 55.Rb8 Re1 56.Re8 Ra1
57.Re7 Ra2 58.Kg4 Ra4 59.Kg5 Kf8 60.Rb7 Ra5 61.Kh6 Ra6+ 62.Kg5 Ra5 63.Rb6 Kg7
64.Rb7 Kf8 65.f5 Rxe5 66.Kf6 Re1 67.Rxf7+ Kg8 68.Rg7+ Kf8 69.Ra7 Kg8 70.Ra8+ Kh7
71.Kf7 Rb1 72.Re8 Rb5 73.f6 Rb7+ 74.Re7 Rb8 75.Ra7 Rc8 76.Ke6+ Kg8 77.Rg7+ Kf8
78.Ra7  1/2-1/2

[Event "Goch op"]
[Site "Goch"]
[Date "1993.??.??"]
[Round "5"]
[White "Maes, Valeer"]
[Black "Thiel, Kuno"]
[Result "0-1"]
[WhiteElo "2095"]
[BlackElo "2320"]

1.d4 Nf6 2.Nf3 b6 3.c4 e6 4.Nc3 Bb4 5.Qb3 a5 6.g3 Ne4 7.Bg2 Bb7 8.O-O Bxc3
9.bxc3 Ra7 10.Ne1 f5 11.Nd3 Na6 12.f3 Nf6 13.Ba3 h5 14.Bc1 h4 15.gxh4 Rxh4
16.Bg5 Rh7 17.h4 Qa8 18.Nf4 Kf7 19.Kf2 Qh8 20.Rh1 Nh5 21.Nd3 Qe8 22.Bh3 Rh8
23.Rag1 Kg8 24.Rh2 Kh7 25.Rhg2 Rg8 26.Nf4 Nxf4 27.Bxf4 Qh5 28.Ke3 Bc6 29.Rg5 Qe8
30.Be5 d6 31.Bxg7 Bd7 32.h5 e5 33.Rg6 exd4+ 34.Kxd4 Rxg7 35.Rxg7+ Kh6 36.R1g6+ Kxh5
37.Bg4+ fxg4 38.Rg5+ Kh6  0-1

[Event "Groningen PCA"]
[Site "Groningen"]
[Date "1993.??.??"]
[Round "3"]
[White "Sokolov, Ivan"]
[Black "Lobron, Eric"]
[Result "1/2-1/2"]
[WhiteElo "2610"]
[BlackElo "2575"]

1.d4 Nf6 2.c4 e6 3.Nf3 b6 4.Nc3 Bb7 5.a3 g6 6.Bg5 Bg7 7.e3 d6 8.d5 O-O 9.Be2 Nbd7
10.O-O h6 11.Bh4 g5 12.Bg3 Nh5 13.Nd4 Nxg3 14.hxg3 Qe7 15.Rc1 a6 16.b4 Rae8
17.Bh5 Bxd4 18.dxe6 Bxc3 19.exd7 Rd8 20.Rxc3 Rxd7 21.Rd3 Qe6 22.c5 bxc5 23.bxc5 Rfd8
24.Qb3 Qxb3 25.Rxb3 Bd5 26.Rc3 dxc5 27.Rxc5 Be6 28.Bf3 Rb8 29.g4 Kg7 30.Ra5 Rb2
31.Kh2 Rdd2 32.Kg3 Rdc2 33.Be4 Rc4 34.f3 Rc3 35.Re1 Ra2 36.Rxa6 Raxa3 37.Rxa3 Rxa3
38.Bf5 Kf6 39.Bxe6 Kxe6 40.Rc1 Rxe3 41.Rxc7  1/2-1/2

[Event "Groningen PCA"]
[Site "Groningen"]
[Date "1993.??.??"]
[Round "5"]
[White "Sokolov, Ivan"]
[Black "Hansen, Curt"]
[Result "1-0"]
[WhiteElo "2610"]
[BlackElo "2590"]

1.d4 Nf6 2.c4 e6 3.Nf3 b6 4.Nc3 Bb7 5.a3 d5 6.Qc2 Be7 7.cxd5 Nxd5 8.Bd2 O-O
9.e4 Nxc3 10.Bxc3 c5 11.dxc5 bxc5 12.Rd1 Qc7 13.Bd3 Nd7 14.O-O Rfd8 15.Rfe1 h6
16.Bb5 Nf6 17.Rxd8+ Rxd8 18.Qa4 a6 19.Bf1 Qf4 20.Be5 Qg4 21.h3 Qg6 22.Bc7 Rc8
23.Bh2 Bxe4 24.Ne5 Qf5 25.Qxa6 Ra8 26.Qb6 Bd5 27.Qc7 Kf8 28.Nc6 Bxc6 29.Qxc6 Qd5
30.Bb5 Rd8 31.a4 Qd2 32.Rf1 Nd5 33.b3 Kg8 34.Bc4 h5 35.Qb5 Nc3 36.Qb7 Ne2+
37.Kh1 Qc2 38.Qxe7 Rd1 39.Bxe2  1-0

[Event "Groningen PCA"]
[Site "Groningen"]
[Date "1993.??.??"]
[Round "5"]
[White "Piket, Jeroen"]
[Black "Lutz, Christopher"]
[Result "1-0"]
[WhiteElo "2590"]
[BlackElo "2605"]

1.d4 Nf6 2.c4 e6 3.Nf3 b6 4.Nc3 Bb7 5.a3 d5 6.Bg5 Be7 7.Qa4+ c6 8.Bxf6 Bxf6
9.cxd5 exd5 10.g3 O-O 11.Bg2 Re8 12.O-O Nd7 13.Rfd1 g6 14.Rac1 Bg7 15.e3 Nf8
16.b4 a6 17.Qb3 Qd6 18.h4 Rad8 19.Na4 Nd7 20.Rc3 Qb8 21.Rdc1 Bf8 22.Rxc6 b5
23.Nb2 Bxc6 24.Rxc6 Qb7 25.Rc3 Rc8 26.Rxc8 Rxc8 27.Nd3 Nb6 28.Nc5 Bxc5 29.dxc5 Nc4
30.Nd4 Qd7 31.Qc3 h5 32.Ne2 Rd8 33.Qf6 Nd2 34.Nd4 Ne4 35.Qxa6 Rb8 36.Bf1 Nc3
37.Qf6 Rc8 38.Kh2 Ne4 39.Qf4 Qa7 40.Nxb5 Qa4 41.Bd3 Nd2 42.Kg2 Qb3 43.Qd4 Nc4
44.Nc3 Rd8 45.c6  1-0

[Event "Groningen PCA"]
[Site "Groningen"]
[Date "1993.??.??"]
[Round "10"]
[White "Van Wely, Loek"]
[Black "Ljubojevic, Ljubomir"]
[Result "0-1"]
[WhiteElo "2585"]
[BlackElo "2595"]

1.d4 Nf6 2.c4 e6 3.Nf3 b6 4.Nc3 Bb7 5.a3 d5 6.Bg5 Be7 7.Qa4+ c6 8.Bxf6 Bxf6
9.cxd5 exd5 10.g3 O-O 11.Bg2 c5 12.O-O Bc6 13.Qb3 cxd4 14.Nb5 Bxb5 15.Qxb5 a6
16.Qa4 d3 17.exd3 Bxb2 18.Rab1 b5 19.Qb3 Bf6 20.Rfc1 Ra7 21.d4 Rc7 22.Rxc7 Qxc7
23.Qxd5 Rd8 24.Qe4 Qe7 25.Qd3 Nd7 26.Qb3 Nb6 27.Re1 Qf8 28.Ne5 Rxd4 29.Nxf7 Nc4
30.Ne5 Qxa3 31.Qxa3 Nxa3 32.Nc6 Rd6 33.Re8+ Kf7 34.Ra8 Rd1+ 35.Bf1 Nc4 36.Kg2 Ra1
37.Bd3 Ke6 38.Bxh7 Kd6 39.Nb4 a5 40.Ra6+ Kc5 41.Nd3+ Kd4 42.h4 Rd1 43.Nf4 Be5
44.Ne6+ Kc3 45.Ra7 a4 46.f4 Bf6 47.h5 a3 48.g4 Kb2 49.g5 Bc3 50.Nc5 Bd4 51.Rb7 Nd6
52.Na4+ Kb3 53.Rd7 a2 54.Bg8+ Nc4 55.Nc5+ Kb2 56.Rb7 Bxc5  0-1

[Event "Hania op"]
[Site "Hania"]
[Date "1993.??.??"]
[Round "6"]
[White "Mikhalevski, Alexander"]
[Black "Riemersma, Liafbern"]
[Result "1-0"]
[WhiteElo "2440"]
[BlackElo "2420"]

1.d4 Nf6 2.c4 e6 3.Nf3 b6 4.Nc3 Bb4 5.Qc2 Bb7 6.a3 Bxc3+ 7.Qxc3 O-O 8.b3 d6
9.g3 Nbd7 10.Bg2 Be4 11.O-O Re8 12.Bb2 a5 13.Bh3 h6 14.Nd2 Bb7 15.Rfe1 c5
16.b4 Qc7 17.e4 axb4 18.axb4 Rxa1 19.Bxa1 e5 20.d5 cxb4 21.Qxb4 Nc5 22.Qb1 Ra8
23.Bc3 Bc8 24.Bf1 Bd7 25.Nb3 Ra3 26.Nxc5 bxc5 27.Qc2 Qb7 28.Bd3 Ba4 29.Qd2 Qb3
30.Rc1 Nd7 31.Bb1 Nb6 32.Bb2 Ra2 33.Bxa2 Qxa2 34.Bc3 Qb3 35.Qb2 Nxc4 36.Qxb3 Bxb3
37.Rb1 Bc2 38.Rb8+ Kh7 39.f3 f5 40.exf5 Ne3 41.Bxe5 dxe5 42.d6 Bxf5 43.Rf8 Bd7
44.Rf7 Be6 45.Re7 Bc8 46.d7 Bxd7 47.Rxd7 Kg6 48.Kf2 Nf5 49.Rc7 h5 50.Rxc5 Kf6
51.g4 hxg4 52.fxg4 Nh4 53.Rc6+ Kg5 54.Kg3 Ng6 55.Re6 Kh6 56.h4  1-0

[Event "Heraklio op"]
[Site "Heraklio"]
[Date "1993.??.??"]
[Round "4"]
[White "Nikcevic, Nebojsa"]
[Black "Vuksanovic, Sanja"]
[Result "1-0"]
[WhiteElo "2405"]
[BlackElo "2260"]

1.Nf3 Nf6 2.c4 b6 3.d4 e6 4.Nc3 Bb7 5.e3 Bb4 6.Bd3 Ne4 7.O-O Nxc3 8.bxc3 Bxc3
9.Rb1 Nc6 10.Rb3 Ba5 11.e4 h6 12.Bb2 Nb4 13.Bb1 Ba6 14.a3 Nc6 15.Qc2 Ne7
16.d5 Rg8 17.Rd1 c5 18.dxe6 fxe6 19.Ne5 d6 20.Rf3 Qc7 21.Qa4+ b5 22.cxb5 dxe5
23.bxa6+ Nc6 24.Bxe5 Qb6 25.Rb3 Qxa6 26.Bd3 Rd8 27.Bxa6  1-0

[Event "HUN-ch"]
[Site "HUN"]
[Date "1993.??.??"]
[Round "4"]
[White "Horvath, Jozsef"]
[Black "Tolnai, Tibor"]
[Result "1/2-1/2"]
[WhiteElo "2545"]
[BlackElo "2490"]

1.d4 Nf6 2.c4 e6 3.Nf3 b6 4.Nc3 Bb7 5.e3 d5 6.cxd5 exd5 7.Bb5+ c6 8.Bd3 Nbd7
9.Ne5 Bd6 10.f4 O-O 11.O-O b5 12.Bd2 a6 13.Qf3 c5 14.Qh3 g6 15.g4 Ne4 16.Bxe4 dxe4
17.g5 Bxe5 18.dxe5 Nxe5 19.fxe5 Qxd2 20.e6 fxe6 21.Qxe6+ Kh8 22.Qe5+ Kg8
23.Qe6+  1/2-1/2

[Event "Katowice op"]
[Site "Katowice"]
[Date "1993.??.??"]
[Round "3"]
[White "Poluljahov, Aleksandr"]
[Black "Gorbatow, Alexej"]
[Result "0-1"]
[WhiteElo "2515"]
[BlackElo "2385"]

1.d4 Nf6 2.Nf3 e6 3.c4 b6 4.Nc3 Bb7 5.a3 Ne4 6.Nxe4 Bxe4 7.Nd2 Bb7 8.e4 Qf6
9.e5 Qd8 10.Nf3 d6 11.Bf4 Nd7 12.Qc2 Be7 13.Rd1 d5 14.h4 h6 15.cxd5 Bxd5
16.Bc4 c6 17.Bxd5 cxd5 18.Rc1 b5 19.Rh3 Nb6 20.h5 Rc8 21.Qb3 Rxc1+ 22.Bxc1 Qd7
23.Rg3 Qc6 24.Bf4 Qc4 25.Qxc4 Nxc4 26.b3 Na5 27.Nd2 Bxa3 28.Rxg7 Bb2 29.Be3 Nc6
30.Nf3 a5 31.Kd1 a4 32.bxa4 bxa4 33.Kc2 a3 34.Kb3 Ke7 35.Bd2 Rb8+ 36.Ka2 Nb4+
37.Bxb4+ Rxb4 38.Rg4 Rc4 39.Ne1 Bxd4  0-1

[Event "Kurgan"]
[Site "Kurgan"]
[Date "1993.??.??"]
[Round "?"]
[White "Pospelov, Evgeny"]
[Black "Savon, Vladimir A"]
[Result "1/2-1/2"]
[WhiteElo "2395"]
[BlackElo "2450"]

1.d4 Nf6 2.c4 e6 3.Nf3 b6 4.Nc3 Bb7 5.Bg5 h6 6.Bh4 Be7 7.Qc2 c5 8.e4 g5 9.Bg3 g4
10.Nd2 cxd4 11.Nb5 d6 12.Nxd4 Nbd7 13.O-O-O a6 14.f3 Qc7 15.N2b3 O-O-O 16.Kb1 Ne5
17.Nd2 Kb8 18.Qb3 h5 19.Bf2 Ned7 20.Nc2 h4 21.h3 gxf3 22.gxf3 Nh5 23.Rg1 Rhg8
24.Rg4 Ng3 25.Bd3 Bf6 26.Ne3 Be5 27.Qc2 Nc5 28.b4 Nd7 29.Re1 Nf6 30.Rxg8 Rxg8
31.Ndf1 Nxf1 32.Rxf1  1/2-1/2

[Event "Kurgan"]
[Site "Kurgan"]
[Date "1993.??.??"]
[Round "?"]
[White "Temirbaev, Serik"]
[Black "Savon, Vladimir A"]
[Result "1/2-1/2"]
[WhiteElo "2450"]
[BlackElo "2450"]

1.d4 Nf6 2.c4 e6 3.Nf3 b6 4.Nc3 Bb7 5.Bg5 h6 6.Bh4 Be7 7.e3 c5 8.dxc5 bxc5
9.Be2 O-O 10.O-O d6 11.Qc2 Nbd7 12.Rfd1 Qb6 13.Rd2 Rfd8 14.Rad1 a6 15.b3 Rac8
16.Ne1 Ne5 17.Bg3 Ng6 18.h3 d5 19.Na4 Qa7 20.cxd5 exd5 21.Bd3 Nf8 22.Bf5 Ne6
23.Be5 Ne4 24.Bxe4 dxe4 25.Rd7 Bf8 26.Rxd8 Rxd8 27.Rxd8 Nxd8 28.Bc7 Ne6 29.Bb6 Qb8
30.Nxc5 Bc8 31.Nxe6 Bxe6 32.Bc5 Qe5 33.Bxf8 Kxf8 34.Qd2 Kg8 35.Qd8+ Kh7 36.Qd4 Qd5
37.b4 Qxa2 38.Qxe4+ Kg8 39.Nd3 a5 40.bxa5 Qxa5 41.Nf4 Qf5 42.Qd4  1/2-1/2

[Event "La Coruna op"]
[Site "La Coruna"]
[Date "1993.??.??"]
[Round "?"]
[White "Hultin, Johan"]
[Black "Estremera Panos, Sergio"]
[Result "1/2-1/2"]
[WhiteElo "2285"]
[BlackElo "2365"]

1.d4 Nf6 2.Nf3 e6 3.c4 b6 4.Nc3 Bb7 5.a3 d5 6.cxd5 Nxd5 7.e3 Nd7 8.Bd3 c5
9.Nxd5 exd5 10.O-O Bd6 11.dxc5 bxc5 12.e4 d4 13.Ng5 Ne5 14.Bb5+ Bc6 15.Bxc6+ Nxc6
16.f4 h6 17.Qh5 O-O 18.Nh3 f5 19.e5 Bc7 20.Bd2 Rb8 21.Qf3 Ne7 22.b3 Qd5 23.Qxd5+ Nxd5
24.Rab1 Nc3 25.Bxc3 dxc3 26.Rfc1 Ba5 27.Kf1 Rfd8 28.Rc2 Rd4 29.g3 Rbd8 30.Nf2 g5
31.fxg5 hxg5 32.Nh3 g4 33.Nf4 Re8 34.e6 Bc7 35.Ne2 Rd2 36.Rbc1 Rxe6 37.Nxc3 Rd3
38.Rd1 Rf3+ 39.Kg2 Bb6 40.Rf1 Ree3 41.Rxf3 Rxf3 42.b4 cxb4  1/2-1/2

[Event "Las Palmas2"]
[Site "Las Palmas"]
[Date "1993.??.??"]
[Round "?"]
[White "Gonzalez Garcia, Jose"]
[Black "Rodrigues, Adriano Pfuhl"]
[Result "0-1"]
[WhiteElo "2330"]
[BlackElo "2260"]

1.d4 Nf6 2.c4 e6 3.Nf3 b6 4.Nc3 Bb7 5.Bg5 h6 6.Bh4 Bb4 7.e3 Bxc3+ 8.bxc3 d6
9.Nd2 Nbd7 10.Be2 g5 11.Bg3 Bxg2 12.Rg1 Bb7 13.Bf3 Qc8 14.e4 e5 15.h4 Qd8
16.Qa4 Kf8 17.O-O-O Qe7 18.Rde1 a6 19.Re3 Nb8 20.Qb3 Nc6 21.d5 Na5 22.Qb4 Bc8
23.Rh1 Kg7 24.hxg5 hxg5 25.Rxh8 Kxh8 26.Re1 Bd7 27.Rg1 Nb7 28.Qb1 Rg8 29.Qd3 Rg6
30.Qe3 Kg8 31.Nf1 Nc5 32.Bh2 g4 33.Bh1 Nh5 34.f3 Qg5 35.fxg4 Nf6 36.Qxg5 Rxg5
37.Nd2 Bxg4 38.Bg3 Be2  0-1

[Event "Linares m"]
[Site "Linares"]
[Date "1993.??.??"]
[Round "8"]
[White "Illescas Cordoba, Miguel"]
[Black "Ljubojevic, Ljubomir"]
[Result "1/2-1/2"]
[WhiteElo "2625"]
[BlackElo "2595"]

1.d4 Nf6 2.c4 e6 3.Nf3 b6 4.Nc3 Bb7 5.a3 d5 6.Qc2 a6 7.cxd5 exd5 8.Bg5 Nbd7
9.e3 Be7 10.Bd3 g6 11.O-O c5 12.dxc5 bxc5 13.Qa4 c4 14.Be2 O-O 15.Rfd1 Qb6
16.Qc2 Bd6 17.Rd4 Rfe8 18.Rad1 Rac8 19.Bf1 Bf8 20.g3 h6 21.Bxf6 Nxf6 22.Bg2 Bg7
23.R4d2 Ne4 24.Nxe4 dxe4 25.Nd4 Qa5 26.Bh3 Rc7 27.Ne2 c3 28.Nxc3 Bxc3 29.bxc3 Rxc3
30.Qb2 Bc6 31.Bd7 Bxd7 32.Rxd7 Qxa3 33.Qxa3 Rxa3 34.R1d6 Kf8 35.Ra7 Re6 36.Rxe6 fxe6
37.Kg2 a5 38.g4 a4 39.h4 Ra1 40.Kg3 g5 41.hxg5 hxg5 42.Kg2 a3 43.Ra5 a2  1/2-1/2

[Event "Lublin"]
[Site "Lublin"]
[Date "1993.??.??"]
[Round "?"]
[White "Dybowski, Jerzy"]
[Black "Solozhenkin, Evgeniy"]
[Result "0-1"]
[WhiteElo "2360"]
[BlackElo "2480"]

1.d4 Nf6 2.c4 e6 3.Nf3 b6 4.Nc3 Bb4 5.e3 Bb7 6.Be2 Ne4 7.Qb3 Bxc3+ 8.bxc3 Ng5
9.d5 Nxf3+ 10.Bxf3 O-O 11.a4 d6 12.a5 Nd7 13.a6 Nc5 14.Qb5 Bc8 15.dxe6 Bxe6
16.Bxa8 Qxa8 17.O-O Qe4 18.f3 Qd3 19.Qb1 Qxc3 20.Qb2 Qxc4 21.Qd4 Nb3  0-1

[Event "Lublin"]
[Site "Lublin"]
[Date "1993.??.??"]
[Round "?"]
[White "Czerwonski, Aleksander"]
[Black "Dokhoian, Yury"]
[Result "1/2-1/2"]
[WhiteElo "2370"]
[BlackElo "2510"]

1.d4 Nf6 2.c4 e6 3.Nf3 b6 4.Nc3 Bb7 5.a3 d5 6.cxd5 Nxd5 7.Qc2 Nxc3 8.bxc3 Be7
9.e4 O-O 10.Bd3 c5 11.O-O Qc8 12.Qe2 Ba6 13.Bxa6 Qxa6 14.Qxa6 Nxa6 15.Bf4 Rfd8
16.Rfd1 cxd4 17.cxd4 Rac8 18.Rdc1 f6 19.Kf1 Kf7 20.Ke2 Ke8 21.Rxc8 Rxc8 22.Rc1 Rxc1
23.Bxc1 b5 24.Kd3 Kd7 25.Nd2 Kc6 26.Nb3 Nc7 27.g4 g6 28.h3 Kb6 29.Bb2 a5
30.Bc3 b4 31.axb4 axb4 32.Bd2 Kb5 33.f3 Bf8  1/2-1/2

[Event "POL-chT"]
[Site "Lubniewice"]
[Date "1993.??.??"]
[Round "?"]
[White "Sapis, Witalis"]
[Black "Ehrenfeucht, Wojciech"]
[Result "1/2-1/2"]
[WhiteElo "2420"]
[BlackElo "2350"]

1.d4 Nf6 2.Nf3 b6 3.c4 e6 4.Nc3 Bb7 5.Qc2 c5 6.dxc5 bxc5 7.Bf4 Qa5 8.Qd2 Na6
9.e3 Be7 10.Be2 O-O 11.O-O Rfd8 12.Nd5 Qxd2 13.Nxe7+ Kf8 14.Nxd2 Kxe7 15.Rfd1 d6
16.f3 Nb4 17.a3 Nc6 18.Nb1 h6 19.Bg3 Rab8 20.b4 cxb4 21.axb4 Nxb4 22.c5 Ne8
23.Rxa7 Nc6 24.Ra3 e5  1/2-1/2

[Event "Wch Team"]
[Site "Luzern"]
[Date "1993.??.??"]
[Round "4"]
[White "Anastasian, Ashot"]
[Black "Stefansson, Hannes"]
[Result "1-0"]
[WhiteElo "2530"]
[BlackElo "2500"]

1.d4 Nf6 2.c4 e6 3.Nf3 b6 4.Nc3 Bb7 5.a3 d5 6.cxd5 Nxd5 7.Qc2 Be7 8.Bd2 O-O
9.e4 Nxc3 10.Bxc3 Nd7 11.O-O-O Qc8 12.h4 Rd8 13.Rh3 Ba6 14.Bxa6 Qxa6 15.Rg3 Qc4
16.Kb1 Bf8 17.h5 f6 18.e5 f5 19.Ng5 Qd5 20.Re3 Be7 21.Nh3 Nf8 22.g4 fxg4
23.Nf4 Qd7 24.Rg3 Bg5 25.Ne2 Qf7 26.Rxg4 Qxh5 27.Qe4 Bh6 28.Rh1 Qf5 29.Qxf5 exf5
30.Rgg1 Ng6 31.Ng3 Rf8 32.Rh5 Nf4 33.Rxh6 gxh6 34.Nh5+ Ng6 35.e6 f4 36.d5 Rae8
37.Nf6+ Rxf6 38.Bxf6 Kf8 39.Rh1 Ne7 40.Rh5 Rd8 41.Rxh6 Rxd5 42.Rxh7 Ng8 43.Bc3 Rd6
44.Rxc7 Rxe6 45.Rxa7 Nf6 46.Bxf6 Rxf6 47.Kc2 Ke8 48.Ra4 Kf7 49.Kd3 Kg6 50.Ke4 Kg5
51.Kf3 Rf5 52.Rb4 b5 53.Rd4  1-0

[Event "Amber-blind 2nd"]
[Site "Monte Carlo"]
[Date "1993.??.??"]
[Round "4"]
[White "Piket, Jeroen"]
[Black "Polugaevsky, Lev"]
[Result "1/2-1/2"]
[WhiteElo "2245"]
[BlackElo "2635"]

1.d4 Nf6 2.c4 e6 3.Nf3 b6 4.Nc3 Bb7 5.a3 d5 6.cxd5 Nxd5 7.Qa4+ Nd7 8.Nxd5 Bxd5
9.Bg5 Be7 10.Bxe7 Qxe7 11.Rc1 c6 12.e3 O-O 13.Be2 e5 14.O-O c5 15.dxc5 Nxc5
16.Qc2 a5 17.Qc3 f6 18.Rfd1 Be6 19.Nd2 Rfd8 20.Nc4 Na4 21.Qb3 Qe8 22.Rxd8 Rxd8
23.Qc2 Qc6 24.b3 Nc5 25.Nxb6 Qxb6 26.Qxc5 Qxc5 27.Rxc5 Rd2 28.Kf1 Ra2  1/2-1/2

[Event "Munich op9293"]
[Site "Munich"]
[Date "1993.??.??"]
[Round "3"]
[White "Hoffmann, Michael"]
[Black "Arkhipov, Sergey"]
[Result "1-0"]
[WhiteElo "2425"]
[BlackElo "2485"]

1.d4 Nf6 2.c4 e6 3.Nf3 b6 4.Nc3 Bb4 5.Bg5 Bb7 6.e3 h6 7.Bh4 Bxc3+ 8.bxc3 d6
9.Nd2 g5 10.Bg3 Qe7 11.f3 Nbd7 12.Qa4 Kf8 13.Bd3 Kg7 14.O-O Nh5 15.Bf2 f5
16.Rae1 Rhf8 17.e4 f4 18.e5 dxe5 19.c5 bxc5 20.dxe5 Nb6 21.Qc2 Rad8 22.Rd1 Kh8
23.c4 Ng7 24.Nb3 Nd7 25.Be4 Bxe4 26.Qxe4 Rf5 27.Qb7 Ne8 28.Qxa7 Rxe5 29.Na5 Rf5
30.Nc6 Qf6 31.Nxd8 Qxd8 32.Bxc5 Qc8 33.Be7 Kg8 34.Qd4 Ne5 35.Rfe1 Nc6 36.Qd7 Qxd7
37.Rxd7 Ne5 38.Rd8 Kf7 39.Bb4 Nf6 40.Rc8 Ne8 41.Rd1  1-0

[Event "Munich op9293"]
[Site "Munich"]
[Date "1993.??.??"]
[Round "6"]
[White "Kozul, Zdenko"]
[Black "Lau, Ralf"]
[Result "1-0"]
[WhiteElo "2540"]
[BlackElo "2520"]

1.d4 Nf6 2.Nf3 e6 3.c4 b6 4.Nc3 Bb7 5.a3 d5 6.cxd5 Nxd5 7.e3 Nd7 8.Bd3 N5f6
9.O-O c5 10.Qe2 a6 11.Bc2 Qc7 12.e4 cxd4 13.Nxd4 Rc8 14.Be3 b5 15.Rfd1 Be7
16.Rac1 Qb8 17.Bb3 Nc5 18.Ba2 O-O 19.f3 Bd6 20.g4 Rfe8 21.Qf2 Ncd7 22.Nde2 Ne5
23.h3 Nc4 24.Ba7 Qxa7 25.Qxa7 Bc5+ 26.Qxc5 Rxc5 27.Na4 bxa4 28.Rxc4 Rxc4
29.Bxc4 Rc8 30.Nc3 g5 31.Be2 Kf8 32.Rd4 Ke7 33.Rxa4 Rc6 34.Kf2 Nd7 35.Ke3 Ne5
36.Ra5 f6 37.Na4 Kd6 38.Nc3 Rb6 39.b4 Rc6 40.Kd2 Bc8 41.Na4 Nd7 42.h4 h6
43.h5 Bb7 44.Ke3 Bc8 45.Kd4 Bb7 46.Nc5 e5+ 47.Kc4 Bc8 48.Bd1 Rc7 49.Bb3 Rc6
50.Ba4 Nb6+ 51.Kd3 Nxa4 52.Rxa4 Kc7 53.Ra5 Kd6 54.Kd2 Rb6 55.Na4 Rb8 56.Nc3 Bb7
57.Nd5 Rf8 58.Ne3 Ke6 59.Nf5 Rh8 60.Kc3 Rh7 61.Rc5  1-0

[Event "Munich op9293"]
[Site "Munich"]
[Date "1993.??.??"]
[Round "9"]
[White "Zysk, Robert"]
[Black "Stangl, Markus"]
[Result "1-0"]
[WhiteElo "2440"]
[BlackElo "2475"]

1.d4 Nf6 2.Nf3 e6 3.c4 b6 4.Nc3 Bb7 5.a3 g6 6.g3 Bg7 7.Bg2 O-O 8.O-O d6 9.d5 c6
10.e4 Re8 11.e5 dxe5 12.dxe6 Qc7 13.exf7+ Qxf7 14.Ng5 Qe7 15.c5 Nbd7 16.b4 Bh6
17.Qb3+ Kg7 18.Bh3 Nf8 19.Nge4 Bxc1 20.Raxc1 Bc8 21.Nxf6 Qxf6 22.Ne4 Qe7
23.Bg2 Ne6 24.Nd6 Rf8 25.Qe3 Nd4 26.Rfe1 bxc5 27.Nxc8 Raxc8 28.Rxc5 Qf6 29.Qxe5 Rce8
30.Qxf6+ Kxf6 31.Rd1 Rd8 32.Kf1 Ke7 33.Rc4 Nb5 34.Re1+ Kf7 35.Bxc6 Nd4 36.Bg2 Kg8
37.Rd1 Nf5 38.Rxd8 Rxd8 39.Bh3 Nd6 40.Rc7 Nb5 41.Rb7 Nxa3 42.Be6+ Kh8 43.Rxa7 Nc2
44.b5 Rd1+ 45.Kg2 Rb1 46.Bc4 Rb4 47.Rc7 Rb2 48.Re7 Rb1 49.Be2 Nd4 50.Bd3 Rb3
51.Bc4 Rb1 52.Re5 Kg7 53.Rd5 Nc2 54.Rd7+ Kh8 55.Rd6 Rb2 56.Kf1 Rb1+ 57.Ke2 Rb4
58.b6 Na3 59.Bd3 Rb2+ 60.Ke3 Rb3 61.Kd4 Kg7 62.Rd7+ Kf6 63.b7 g5 64.Ke4 h5
65.Ba6  1-0

[Event "New York Enhance"]
[Site "New York"]
[Date "1993.??.??"]
[Round "2"]
[White "Moulin, Pierre"]
[Black "Moskow, Eric"]
[Result "1-0"]
[WhiteElo "2300"]
[BlackElo "2195"]

1.d4 Nf6 2.c4 e6 3.Nf3 b6 4.Nc3 Bb4 5.Bg5 Bb7 6.e3 h6 7.Bh4 Bxc3+ 8.bxc3 g5
9.Bg3 d6 10.h4 g4 11.Nd2 Nbd7 12.h5 Qe7 13.Qc2 c5 14.O-O-O cxd4 15.exd4 Rc8
16.c5 dxc5 17.Nc4 Ne4 18.Bh4 Ng5 19.dxc5 O-O 20.Nd6 Nxc5 21.Nxc8 Rxc8 22.Kb2 Be4
23.Qd2 Na4+ 24.Ka1 Nxc3 25.Bxg5 hxg5 26.Rc1 Qf6 27.Qb2 Rc5 28.Be2 Nd5 29.Rxc5 bxc5
30.Rc1 Bxg2 31.Rxc5 Kg7 32.Bxg4 Qxb2+ 33.Kxb2 f5 34.Bd1 g4 35.Ra5 Kh6 36.Rxa7 Kxh5
37.a4 Kg5 38.a5 Nf4 39.Rg7+ Kf6 40.Rd7 Bd5 41.a6 Nd3+ 42.Kc3 Nc5 43.Rxd5 exd5
44.a7 Na4+ 45.Bxa4  1-0

[Event "New York op"]
[Site "New York"]
[Date "1993.??.??"]
[Round "3"]
[White "Adianto, Utut"]
[Black "Hess, Ralf"]
[Result "1-0"]
[WhiteElo "2490"]
[BlackElo "2390"]

1.d4 Nf6 2.c4 e6 3.Nf3 b6 4.Nc3 Bb4 5.Bg5 h6 6.Bh4 O-O 7.e4 g5 8.Nxg5 hxg5
9.Bxg5 Be7 10.Bd3 Nh7 11.Bh6 Bg5 12.Bxf8 Qxf8 13.h4 Bh6 14.Rh3 Nc6 15.e5 f5
16.exf6 Nxf6 17.Qf3 d5 18.Rg3+ Kf7 19.Rg6 Ke7 20.cxd5 Nb4 21.dxe6 Nxd3+ 22.Qxd3 Bxe6
23.d5 Bg8 24.Kf1 Bh7 25.Re1+ Kd8 26.Re6 Ng4 27.Qg3 Bxg6 28.Rxg6 Ne3+ 29.Kg1 Nf5
30.Qg4 Ne7 31.Re6 Bg7 32.d6 cxd6 33.Rxd6+ Ke8 34.Qa4+ Kf7 35.Qc4+ Ke8 36.Nb5 Rc8
37.Nc7+ Rxc7 38.Qxc7 Qf5 39.Rd8+ Kf7 40.Qc4+ Kg6 41.g4 Qe5 42.Kg2 Kh6 43.Qc1+ Kh7
44.Qc2+ Kh6 45.Qd2+ Kg6 46.Qd6+ Qxd6 47.Rxd6+ Kf7 48.b3 Be5 49.Rd7 a5 50.Rb7 Bd4
51.f4 Kf8 52.Kf3 Nc6 53.Ke4 Bc5 54.h5 Nb4 55.h6 Kg8 56.g5  1-0